[Event "Sandnes CC-ch B"]
[Site "Sandnes"]
[Date "2017.03.14"]
[Round "4"]
[White "Steinkjer, Bjarte"]
[Black "Jakobsen, Per Arvid"]
[Result "1/2-1/2"]
[WhiteElo "1479"]
[BlackElo "1501"]
[PlyCount "56"]
[EventDate "2017.02.07"]
[EventType "swiss"]
[EventRounds "7"]
[EventCountry "NOR"]
[SourceTitle "EXT 2024"]
[Source "ChessBase"]
[SourceDate "2023.10.10"]
[SourceVersion "1"]
[SourceVersionDate "2023.10.10"]
[SourceQuality "1"]

1. b4 e5 2. Bb2 Bxb4 3. Bxe5 Nf6 4. e3 d6 5. Bb2 0-0 6. Nf3 h6 7. Be2 Re8 8. 0-0 c5 9. c4 Nc6 10. a3 Ba5 11. Nc3 Bxc3 12. Bxc3 Ne5 13. d3 Bg4 14. Rb1 b6 15. Rb2 Re6 16. Nd2 Nxd3 17. Bxg4 Nxb2 18. Bxb2 Nxg4 19. Qxg4 Rg6 20. Qf3 Rb8 21. Rd1 b5 22. cxb5 Rxb5 23. Nc4 Qh4 24. e4 Qe7 25. e5 Re6 26. Qa8+ Kh7 27. Qe4+ Kg8 28. Qa8+ Kh7 1/2-1/2